How To Develop A Sustainable Business School (Record no. 40839)
[ view plain ]
| 000 -LEADER | |
|---|---|
| fixed length control field | 00348nam a2200133Ia 4500 |
| 008 - FIXED-LENGTH DATA ELEMENTS--GENERAL INFORMATION | |
| fixed length control field | 240703s9999 xx 000 0 und d |
| 041 ## - LANGUAGE CODE | |
| Language code of text/sound track or separate title | eng |
| 100 ## - MAIN ENTRY--PERSONAL NAME | |
| Personal name | Ambrosini V. |
| 245 ## - TITLE STATEMENT | |
| Title | How To Develop A Sustainable Business School |
| 260 ## - PUBLICATION, DISTRIBUTION, ETC. | |
| Name of publisher, distributor, etc. | Edward Elgar Publishers |
| Date of publication, distribution, etc. | 2023 |
| 365 ## - TRADE PRICE | |
| Currency code | |
| Price amount | 7,714.00 |
| 906 ## - LOCAL DATA ELEMENT F, LDF (RLIN) | |
| b | 33 |
| Withdrawn status | Lost status | Damaged status | Not for loan | Home library | Current library | Shelving location | Date acquired | Source of acquisition | Cost, normal purchase price | Total Checkouts | Barcode | Date last seen | Date last checked out | Copy number | Price effective from | Koha item type |
|---|---|---|---|---|---|---|---|---|---|---|---|---|---|---|---|---|
| IMTN | IMTN | Rack 1-B | 07/03/2024 | Rajat Kesharwani (2023470) | 70.00 | 1 | 33248 | 10/29/2025 | 07/06/2024 | 110.2 | 07/03/2024 | Books |